[Event "RUS-Cup02"]
[Site "Moscow"]
[Date "1998.??.??"]
[Round "7"]
[White "Murzin, Lenar"]
[Black "Listkov, Nikolai"]
[Result "1-0"]
[WhiteElo "2240"]
[BlackElo "2165"]
[PlyCount "65"]
[EventDate "1998.01.21"]
[EventType "swiss"]
[EventRounds "9"]
[EventCountry "RUS"]
[SourceTitle "EXT 1999"]
[Source "ChessBase"]
[SourceDate "1998.11.16"]
[SourceVersion "1"]
[SourceVersionDate "1998.11.16"]
[SourceQuality "1"]

1. Nf3 f5 2. d4 Nf6 3. g3 g6 4. Bg2 Bg7 5. 0-0 0-0 6. c4 d6 7. Nc3 c6 8. b3 e5 9. dxe5 Ng4 10. Bg5 Qa5 11. Rc1 Nxe5 12. Qd2 Re8 13. Rfd1 Nbd7 14. Bh6 Nxf3+ 15. Bxf3 Bxh6 16. Qxh6 Ne5 17. Bg2 Be6 18. Rd4 Nf7 19. Qd2 Rad8 20. h4 Qe5 21. Rd1 Qf6 22. e3 Ne5 23. Ne2 d5 24. Nf4 c5 25. Nxd5 Qf7 26. Nf6+ Qxf6 27. Rxd8 Qe7 28. Rxe8+ Qxe8 29. Qd8 Kf7 30. Bxb7 h6 31. Rd6 Qe7 32. Qxe7+ Kxe7 33. Ra6 1-0